[Event "Agneaux St Lo IM 7th"]
[Site "Agneaux"]
[Date "2005.07.12"]
[Round "5"]
[White "Cossin, Sebastien"]
[Black "Vepkhvishvili, Varlam"]
[Result "1-0"]
[WhiteElo "2391"]
[BlackElo "2401"]
[PlyCount "89"]
[EventDate "2005.07.08"]
[EventType "tourn"]
[EventRounds "9"]
[EventCountry "FRA"]
[EventCategory "5"]
[SourceTitle "CBM 107 Extra"]
[Source "ChessBase"]
[SourceDate "2005.09.01"]
[SourceVersion "1"]
[SourceVersionDate "2005.09.01"]
[SourceQuality "1"]

1. d4 Nf6 2. c4 g6 3. Nc3 Bg7 4. e4 d6 5. f3 c6 6. Be3 a6 7. Qd2 b5 8. a3 bxc4 9. Bxc4 d5 10. Ba2 dxe4 11. Nxe4 0-0 12. Ne2 Nbd7 13. N2c3 a5 14. 0-0 Ba6 15. Rfd1 Nb6 16. Nxf6+ Bxf6 17. Ne4 Bg7 18. Rac1 Bb5 19. Bh6 Nd5 20. Bxg7 Kxg7 21. Rc5 e6 22. Bxd5 exd5 23. Nc3 Rb8 24. a4 Bc4 25. Rxc6 Bb3 26. Re1 Rb4 27. Qe3 Qb8 28. Rc5 Bxa4 29. Rxd5 Bc6 30. Rxa5 Re8 31. Re5 Rxe5 32. Qxe5+ Qxe5 33. Rxe5 Rxd4 34. Kf2 Rb4 35. Re2 g5 36. Ke3 h5 37. Ne4 Kg6 38. Rd2 f6 39. Kd3 Ba4 40. Kc3 Rb6 41. b4 Rc6+ 42. Nc5 h4 43. Kc4 Rc8 44. b5 Rb8 45. Nxa4 1-0

[Event "Agneaux St Lo IM 7th"]
[Site "Agneaux"]
[Date "2005.07.11"]
[Round "4"]
[White "Vepkhvishvili, Varlam"]
[Black "Feller, Sebastien"]
[Result "1-0"]
[WhiteElo "2401"]
[BlackElo "2282"]
[PlyCount "57"]
[EventDate "2005.07.08"]
[EventType "tourn"]
[EventRounds "9"]
[EventCountry "FRA"]
[EventCategory "5"]
[SourceTitle "CBM 107 Extra"]
[Source "ChessBase"]
[SourceDate "2005.09.01"]
[SourceVersion "1"]
[SourceVersionDate "2005.09.01"]
[SourceQuality "1"]

1. d4 d5 2. Nf3 e6 3. c3 c5 4. Bg5 Be7 5. Bxe7 Qxe7 6. e3 Nf6 7. Bd3 0-0 8. 0-0 Nbd7 9. Bb5 Rd8 10. Bxd7 Nxd7 11. Nbd2 e5 12. Nb3 b6 13. dxe5 Nxe5 14. Nxe5 Qxe5 15. Qf3 Bf5 16. Rfd1 a5 17. Nc1 Qe6 18. h3 Be4 19. Qg3 Rd6 20. Ne2 Rad8 21. Rd2 Qd7 22. f3 Bf5 23. Rad1 Be6 24. e4 Qb7 25. Nf4 d4 26. Nh5 f5 27. e5 Rc6 28. cxd4 Qf7 29. Nf6+ 1-0